LEADER 01208nam0-22003851i-450- 001 990001324950403321 005 20090707195106.0 010 $a3-540-55651-6 035 $a000132495 035 $aFED01000132495 035 $a(Aleph)000132495FED01 035 $a000132495 100 $a20001205d1992----km-y0itay50------ba 101 0 $aeng 102 $aDE 105 $ay-------001yy 200 1 $aCoding theory and algebraic geometry$eproceedings of the International Workshop held in Luminy, France, June 17-21, 1991$feditors H. Stichtenoth, M. A. Tsfasman 210 $aBerlin$cSpringer-Verlag$dc1992 215 $aviii, 223 p.$cill.$d24 cm 225 1 $aLecture notes in mathematics$v1518 610 0 $aGeometria algebrica$aCongressi 610 0 $aComputer communications$aCongressi 610 0 $aTeoria dei numeri$aCongressi 676 $a516.35 702 1$aStichtenoth,$bHenning 702 1$aTsfasman,$bMichael A.$f<1954- > 801 0$aIT$bUNINA$gRICA$2UNIMARC 901 $aBK 912 $a990001324950403321 952 $aC-20-(1518$b9748$fMA1 959 $aMA1 962 $a14-06 962 $a94-06 996 $aCoding theory and algebraic geometry$9262348 997 $aUNINA LEADER 01201nam--2200409---450- 001 990001127530203316 005 20090601163737.0 010 $a978-88-6036-334-3 035 $a000112753 035 $aUSA01000112753 035 $a(ALEPH)000112753USA01 035 $a000112753 100 $a20030122d2009----km-y0itay50------ba 101 1 $aita$ceng 102 $aIT 105 $aa|||||||001yy 200 1 $aAmerica$eun diario visivo$fAndy Warhol$gedizione italiana a cura di Andrea Mecacci 210 $aRoma$cDonzelli$d2009 215 $aXXIII, 98 p.$cill.$d17 cm 225 2 $aSaggine$v138 300 $aTrad. di Andrea Mecacci e Gianluca Monaco 410 0$12001$aSaggine$v138 454 0$12001$aAmerica$951580 676 $a700.92 700 1$aWARHOL,$bAndy$038353 702 1$aMECACCI,$bAndrea 702 1$aMONACO,$bGianluca 801 0$aIT$bsalbc$gISBD 912 $a990001127530203316 951 $aXII.2.C. 1772$b2312 L.G.$cXII.2.$d00225616 959 $aBK 969 $aUMA 979 $aPATRY$b90$c20030122$lUSA01$h1216 979 $aPATRY$b90$c20040406$lUSA01$h1718 979 $aANNAMARIA$b90$c20090601$lUSA01$h1637 996 $aAmerica$951580 997 $aUNISA